000 00720nam a2200289Ia 4500
005 20260324134125.0
008 008 260324s9999 xx 000 0 eng d
020 _a9780203417140
037 _aEBOOK
040 _aCRL
040 _beng
040 _cCRL
041 _2eng
041 _aeng
084 _qCRL
100 _aGlenda Crosling; Graham Webb
_91195659
245 0 _aSupporting Student Learning
245 0 _bCase Studies, Experience and Practice from Higher Education
260 _bTaylor and Francis
260 _c2002
365 _a
365 _b275
856 _uhttp://www.taylorfrancis.com/books/9780203417140
942 _cEBOOK
999 _c1795397
_d1795397